কাজী নজরুল ইসলাম : উপন্যাস সমগ্র / (Record no. 258574)
[ view plain ]
| 000 -LEADER | |
|---|---|
| fixed length control field | 00949nam a22002297a 4500 |
| 003 - CONTROL NUMBER IDENTIFIER | |
| control field | BD-DhUL |
| 005 - DATE AND TIME OF LATEST TRANSACTION | |
| control field | 20231203141203.0 |
| 008 - FIXED-LENGTH DATA ELEMENTS--GENERAL INFORMATION | |
| fixed length control field | 231203s2019 bg ||||| |||| 00| 0 ben |
| 020 ## - INTERNATIONAL STANDARD BOOK NUMBER | |
| International Standard Book Number | 9789849294184 (hbk) |
| 040 ## - CATALOGING SOURCE | |
| Original cataloging agency | BD-DhUL |
| Transcribing agency | BD-DhUL |
| 082 ## - DEWEY DECIMAL CLASSIFICATION NUMBER | |
| Classification number | 891.443 |
| Item number | ISK |
| 100 1# - MAIN ENTRY--PERSONAL NAME | |
| Personal name | ইসলাম, কাজী নজরুল |
| 245 00 - TITLE STATEMENT | |
| Title | কাজী নজরুল ইসলাম : উপন্যাস সমগ্র / |
| Statement of responsibility, etc. | কাজী নজরুল ইসলাম;সম্পাদক সৌমিত্র শেখর |
| 260 ## - PUBLICATION, DISTRIBUTION, ETC. (IMPRINT) | |
| Place of publication, distribution, etc. | ঢাকা : |
| Name of publisher, distributor, etc. | জোনাকী, |
| Date of publication, distribution, etc. | ২০১৯ । |
| 300 ## - PHYSICAL DESCRIPTION | |
| Extent | ৪০০ পৃ. : |
| Other physical details | সম্মুখ চিত্র ; |
| Dimensions | ২৩ সেমি |
| 365 ## - TRADE PRICE | |
| Price type code | BDT |
| Price amount | 500 |
| 650 ## - SUBJECT ADDED ENTRY--TOPICAL TERM | |
| Topical term or geographic name as entry element | বাংলা উপন্যাস |
| 650 ## - SUBJECT ADDED ENTRY--TOPICAL TERM | |
| Topical term or geographic name as entry element | Bengali fiction |
| 700 1# - ADDED ENTRY--PERSONAL NAME | |
| Personal name | ইসলাম, কাজী নজরুল |
| Relator term | auth |
| 700 1# - ADDED ENTRY--PERSONAL NAME | |
| Personal name | সমিত্র, শেখর |
| Relator term | ed. |
| 942 ## - ADDED ENTRY ELEMENTS (KOHA) | |
| Source of classification or shelving scheme | |
| Koha item type | Books |
| Date last seen | Permanent Location | Not for loan | Date acquired | Source of classification or shelving scheme | Koha item type | Lost status | Withdrawn status | Copy number | Source of acquisition | Collection code | Damaged status | Shelving location | Barcode | Current Location | Public note | Full call number |
|---|---|---|---|---|---|---|---|---|---|---|---|---|---|---|---|---|
| 2023-12-03 | Dhaka University Library | 2023-12-03 | Books | 1 | Purchased | Non Fiction | General Stacks | 527392 | Dhaka University Library | Bengali | 891.443 ISK | |||||
| 2023-12-03 | Dhaka University Library | 2023-12-03 | Books | 2 | Purchased | Non Fiction | General Stacks | 527393 | Dhaka University Library | Bengali | 891.443 ISK | |||||
| 2023-12-03 | Dhaka University Library | 2023-12-03 | Books | 3 | Purchased | Non Fiction | General Stacks | 527394 | Dhaka University Library | Bengali | 891.443 ISK | |||||
| 2023-12-03 | Dhaka University Library | 2023-12-03 | Books | 4 | Purchased | Non Fiction | General Stacks | 527395 | Dhaka University Library | Bengali | 891.443 ISK | |||||
| 2023-12-03 | Dhaka University Library | 2023-12-03 | Books | 5 | Purchased | Non Fiction | General Stacks | 527396 | Dhaka University Library | Tr. to Bengali Dept. | 891.443 ISK |
